A big surprise / (Record no. 2054)

MARC details
000 -LEADER
fixed length control field 00757nam a22002537a 4500
005 - DATE AND TIME OF LATEST TRANSACTION
control field 20231103114109.0
020 ## - INTERNATIONAL STANDARD BOOK NUMBER
International Standard Book Number 9780152051419
040 ## - CATALOGING SOURCE
Original cataloging agency FISKH
Language of cataloging eng
Transcribing agency FISKH
Modifying agency FISKH
050 ## - LIBRARY OF CONGRESS CALL NUMBER
Classification number PZ8.3
082 ## - DEWEY DECIMAL CLASSIFICATION NUMBER
Classification number 110
100 ## - MAIN ENTRY--PERSONAL NAME
Personal name Butler, Kristi T.
245 ## - TITLE STATEMENT
Title A big surprise /
Statement of responsibility, etc. Green Light Readers For the reader who's ready to GO! Kristi T. Butler Illustrated by Pamela Paparone
260 ## - PUBLICATION, DISTRIBUTION, ETC.
Place of publication, distribution, etc. New York :
Name of publisher, distributor, etc. Harcourt,
Date of publication, distribution, etc. 2005
300 ## - PHYSICAL DESCRIPTION
Dimensions 20 cm
Extent 21 unnumbered pages :
505 ## - FORMATTED CONTENTS NOTE
Formatted contents note E
520 ## - SUMMARY, ETC.
Summary, etc. Mouse is surprised when her friends throw her a birthday party.
521 ## - TARGET AUDIENCE NOTE
Target audience note 300
Source Lexile Estimate
521 ## - TARGET AUDIENCE NOTE
Target audience note E
Source Raz-Plus
650 ## - SUBJECT ADDED ENTRY--TOPICAL TERM
Topical term or geographic name entry element Party
650 ## - SUBJECT ADDED ENTRY--TOPICAL TERM
Topical term or geographic name entry element Birthday
700 ## - ADDED ENTRY--PERSONAL NAME
Personal name Paparone, Pamela
Titles and other words associated with a name Illustrator
942 ## - ADDED ENTRY ELEMENTS (KOHA)
Source of classification or shelving scheme Dewey Decimal Classification
Koha item type Books
Suppress in OPAC No
999 ## -
-- 2054
-- 2054
Holdings
Withdrawn status Lost status Source of classification or shelving scheme Damaged status Not for loan Home library Current library Shelving location Date acquired Total Checkouts Full call number Barcode Date last seen Date last checked out Price effective from Koha item type
    Dewey Decimal Classification     Footprints International School Library Network Toul Kork Campus Footprints International School Library Network Toul Kork Campus TK Primary Library Room(4th Floor), Bookcase 7, Shelves 57-60, Dark Green Books 11/02/2023 2 BUT 110 PZ8.3 FISTK02110 01/14/2026 11/11/2025 11/02/2023 Books